000 00554nam a22002297a 4500
003 UA-OsUOA
001 41250
007 ta
008 20060919b un ||||| |||| 00| 0 ukr d
100 _aOknishevich L.
090 _a94(477)
942 _cBK
040 _aUA-OsUOA
_beng
_cUA-OsUOA
_dUA-OsUOA
245 _aUkrainian society and goverment 1648-1781
300 _a145 с.
955 _a2
041 _aeng
080 _a94(477)
260 _c1978
650 7 _a9 Географія. Біографії. Історія
_2UDC
999 _c327389
_d327389